Brazilian Portuguese: phasebook & dictionary (Registro nro. 7477)

Detalles MARC
000 -Cabecera
Campo de control de longitud fija 00567nam a22002417a 4500
005 - Fecha y hora de la última transacción
Campo de control 20251024183556.0
008 - Elementos de longitud fija--Información general
Campo de control de longitud fija 160122s2014 xxu||||| |||| 00| 0 eng d
020 ## - International Standard Book Number
Número Internacional Estándar del Libro (ISBN) 9781743211816
041 ## - Idioma
Código de idioma Portugués
041 ## - Idioma
Código de idioma Inglés
082 ## - Clasificación Decimal Dewey
Número de clasificación 469.824 B827b
245 ## - Título propiamente dicho
Título Brazilian Portuguese: phasebook & dictionary
260 ## - Pie de imprenta
Lugar de publicación, distribución, etc. Estados Unidos
260 ## - Pie de imprenta
Nombre del editor, distribuidor, etc. Lonely Planet
260 ## - Pie de imprenta
Fecha de publicación, distribución, etc. 2014
300 ## - Descripción física
Extensión 259 páginas
490 ## - Serie
Título de la Serie Temática General
650 ## - Materia general
Temática (materia general) PORTUGUÉS
650 ## - Materia general
Temática (materia general) BRASIL
650 ## - Materia general
Temática (materia general) ENSEÑANZA
942 ## - Punto de acceso adicional KOHA
Tipo de ítem KOHA Libro
Fuente del sistema de clasificación o colocación Dewey Decimal Classification
Existencias
Signatura completa Código de barras Programa Académico Tipo de ítem
469.824 B827b 20105 Enseñanza de Idiomas Libro